Batch processing : modeling and design /
Guardado en:
| Autor Principal: | |
|---|---|
| Formato: | Libro |
| Idioma: | English |
| Publicado: |
Boca Raton :
CRC Press,
2014
|
| Materias: | |
| Etiquetas: |
Agregar Etiqueta
Sin Etiquetas, Sea el primero en etiquetar este registro!
|
| LEADER | 01140cam a2200277 i 4500 | ||
|---|---|---|---|
| 001 | EIQ.libpla004605 | ||
| 008 | 140701t20142014flua#####b####001#0#eng#d | ||
| 005 | 20161014120835.0 | ||
| 245 | 1 | 0 | |a Batch processing : |b modeling and design / |c Urmila Diwekar. |
| 264 | 1 | |a Boca Raton : |b CRC Press, |c 2014 | |
| 300 | |a xviii, 250 p. : |b il. ; |c 24 cm. | ||
| 504 | |a Incluye referencias bibliográficas e índice. | ||
| 020 | |a 9781439861196 | ||
| 020 | |a 1439861196 | ||
| 020 | |z 1439861250 (electronic bk.) | ||
| 020 | |z 9781439861257 (electronic bk.) | ||
| 020 | |z 1439861218 (electronic bk.) | ||
| 020 | |z 9781439861219 (electronic bk.) | ||
| 100 | 1 | |a Diwekar, Urmila M. | |
| 082 | 0 | 4 | |a 660.2815 |2 23 |
| 650 | 0 | ^ | |c Chemical process control |x Computer simulation |x Computer-aided design |x Biotechnological process control |
| 650 | 0 | ^ | |c Control de procesos químicos |x Simulación por computadora |x Diseño asistido por computadora |x Control de procesos biotecnológicos |
| 010 | |a 2012276411 | ||
| 040 | |a BTCTA |b eng |e rda |c BTCTA |d PAU |d YDXCP |d ACM |d EYM |d BDX |d CDX |d DLC | ||
| 050 | 0 | 0 | |a TP155.75 |b .D59 2014 |
| 859 | |a AR-BbSID |b BIB. PLAPIQUI |h 660.2815 |i D54 |p 6500 | ||
